Sistemy avtomatizirovannogo projektirovanija : Materialy konferencii IFIP po sistemam avtomatizirovannogo projektirovanija /
Salvato in:
| Altri autori: | , |
|---|---|
| Natura: | Libro |
| Lingua: | russo |
| Pubblicazione: |
Moskva :
Nauka,
1985
|
| Tags: |
Nessun Tag, puoi essere il primo ad aggiungerne!!
|
MARC
| LEADER | 00000nam a22000003a 4500 | ||
|---|---|---|---|
| 001 | stu42007 | ||
| 005 | 20150617225722.4 | ||
| 008 | 940203s1985----xxr-----------------rus-d | ||
| 040 | |a STU |b slo | ||
| 041 | 0 | |a rus | |
| 044 | |a xxr | ||
| 100 | 1 | |a Čebotarev, S.P |4 trl | |
| 245 | 1 | |a Sistemy avtomatizirovannogo projektirovanija : |b Materialy konferencii IFIP po sistemam avtomatizirovannogo projektirovanija / |c Z angl. S.P. Čebotarev, I.V.M. Vasilev | |
| 260 | |a Moskva : |b Nauka, |c 1985 | ||
| 300 | |a 374 s | ||
| 700 | 1 | |a Vasilev, I.V.M |4 trl | |
| 996 | |b 284M055331 |c M*7372-1 |l MMKN |s A |a 24 |w stu42007_0001 | ||